Habitats and Biota of the Gulf of Mexico : (Record no. 62928)

MARC details
000 -LEADER
fixed length control field 00992nam a2200205Ii 4500
008 - FIXED-LENGTH DATA ELEMENTS--GENERAL INFORMATION
fixed length control field 221202s xx 000 0 und d
100 1# - MAIN ENTRY--PERSONAL NAME
Personal name Herb Ward, C.,
Relator term author
245 #0 - TITLE STATEMENT
Title Habitats and Biota of the Gulf of Mexico :
Remainder of title Before the Deepwater Horizon Oil Spill : Volume 1 : Water Quality, Sediments, Sediment Contaminants, Oil and Gas Seeps, Coastal Habitats, Offshore Plankton and Benthos, and Shellfish :
264 #1 - PRODUCTION, PUBLICATION, DISTRIBUTION, MANUFACTURE, AND COPYRIGHT NOTICE
Place of production, publication, distribution, manufacture Cham
Name of producer, publisher, distributor, manufacturer Springer Nature
Date of production, publication, distribution, manufacture, or copyright notice 2017
300 ## - PHYSICAL DESCRIPTION
Extent 1 online resource (868 pages)
336 ## - CONTENT TYPE
Content type term text
Content type code txt
Source rdacontent
337 ## - MEDIA TYPE
Media type term computer
Media type code c
Source rdamedia
338 ## - CARRIER TYPE
Carrier type term online resource
Carrier type code cr
Source rdacarrier
520 ## - SUMMARY, ETC.
Summary, etc. environmental management; marine; freshwater sciences
653 ## - INDEX TERM--UNCONTROLLED
Uncontrolled term Environmental Management
653 ## - INDEX TERM--UNCONTROLLED
Uncontrolled term Freshwater Sciences
653 ## - INDEX TERM--UNCONTROLLED
Uncontrolled term Marine
856 ## - ELECTRONIC LOCATION AND ACCESS
Uniform Resource Identifier <a href="https://library.oapen.org/bitstream/20.500.12657/28068/1/1001926.pdfhttps://link.springer.com/book/10.1007/978-1-4939-3447-8http://library.oapen.org/handle/20.500.12657/28068">https://library.oapen.org/bitstream/20.500.12657/28068/1/1001926.pdfhttps://link.springer.com/book/10.1007/978-1-4939-3447-8http://library.oapen.org/handle/20.500.12657/28068</a>
942 ## - ADDED ENTRY ELEMENTS (KOHA)
Koha item type E-Book
Holdings
Withdrawn status Damaged status Not for loan Home library Current library Date acquired Total Checkouts Date last seen Price effective from Koha item type
      Directory of Open Access Books Directory of Open Access Books 11/28/2022   11/28/2022 11/28/2022 E-Book

University of Rizal System
Email us at univlibservices@urs.edu.ph

Visit our Website www.urs.edu.ph/library